Największe Miasta Województwa Podkarpackiego - Statystyki

Ogólne statystyki
  • Ten quiz został rozwiązany 20 razy
  • Średni wynik to 13 z 15
Statystyki odpowiedzi
Populacja Miasto % Poprawnych
56 050 Przemyśl
100%
197 268 Rzeszów
100%
44 060 Krosno
94%
34 345 Sanok
94%
43 712 Tarnobrzeg
89%
42 986 Dębica
83%
32 727 Jasło
83%
17 703 Łańcut
83%
55 127 Stalowa Wola
83%
35 298 Jarosław
78%
12 697 Leżajsk
78%
56 972 Mielec
78%
14 477 Nisko
72%
14 523 Przeworsk
67%
15 794 Ropczyce
67%
Nie znaleziono quizów pasujących do podanych kryteriów
Rozkład punktacji
Procent ludzi z każdym wynikiem
Percentyl według liczby udzielonych odpowiedzi
Twoja historia wyników
Nie rozwiązałeś tego quizu